[Event "FRA-ch Blitz Online Qual"]
[Site "Europe Echecs INT"]
[Date "2020.05.16"]
[Round "15"]
[White "Demarche, Laurent"]
[Black "Hetier, Thomas"]
[Result "1-0"]
[WhiteElo "1835"]
[BlackElo "1598"]
[PlyCount "133"]
[EventDate "2020.05.16"]
[EventType "swiss (blitz)"]
[EventRounds "15"]
[EventCountry "FRA"]
[SourceTitle "CBM 196 Extra"]
[Source "ChessBase"]
[SourceDate "2020.07.31"]
[SourceVersion "1"]
[SourceVersionDate "2020.07.31"]
[SourceQuality "1"]

1. d3 d5 2. Nd2 Nf6 3. e4 dxe4 4. dxe4 e5 5. Ngf3 Nc6 6. Be2 Bd6 7. 0-0 0-0 8. c3 Be6 9. Ng5 Bc8 10. b4 h6 11. Ngf3 Ne7 12. Qc2 Ng6 13. Nc4 c5 14. Rd1 b5 15. Nxd6 Bg4 16. Nxb5 Qb6 17. Rd6 Qb7 18. a4 Nxe4 19. Rd1 cxb4 20. cxb4 Rac8 21. Qd3 a6 22. Nd6 Nxd6 23. Qxd6 Rfd8 24. Qxd8+ Rxd8 25. Rxd8+ Kh7 26. Be3 Qxb4 27. h3 Be6 28. a5 Qc3 29. Rdd1 f6 30. Bxa6 e4 31. Nd4 Bf7 32. Be2 Ne5 33. a6 Bd5 34. a7 Ba8 35. Nb5 Qc6 36. Rdc1 Qd7 37. Nc7 Bb7 38. a8Q Bxa8 39. Nxa8 Nd3 40. Rd1 Qd5 41. Nb6 Qd6 42. Bxd3 exd3 43. Rd2 Kg6 44. Rad1 Qb4 45. Rxd3 h5 46. Nd5 Qb2 47. Nf4+ Kh7 48. Nxh5 f5 49. Nf4 g5 50. Ne6 f4 51. Bc1 Qe2 52. Nxg5+ Kh6 53. Nf3 Kg6 54. Bxf4 Qa2 55. Rd6+ Kf7 56. h4 Ke7 57. h5 Kf7 58. h6 Kg8 59. Rd7 Kh8 60. Be5+ Kg8 61. h7+ Kf8 62. h8R+ Qg8 63. Rd8+ Kf7 64. Rhxg8 Ke6 65. R1d6+ Kf5 66. Rdf8+ Ke4 67. Rd4# 1-0

[Event "FRA-ch Blitz Online Qual"]
[Site "Europe Echecs INT"]
[Date "2020.05.16"]
[Round "4"]
[White "Hetier, Thomas"]
[Black "Porchel, Baptiste"]
[Result "1-0"]
[WhiteElo "1598"]
[BlackElo "1104"]
[PlyCount "117"]
[EventDate "2020.05.16"]
[EventType "swiss (blitz)"]
[EventRounds "15"]
[EventCountry "FRA"]
[SourceTitle "CBM 196 Extra"]
[Source "ChessBase"]
[SourceDate "2020.07.31"]
[SourceVersion "1"]
[SourceVersionDate "2020.07.31"]
[SourceQuality "1"]

1. f4 d5 2. Nf3 Nc6 3. g3 f6 4. Bg2 e5 5. fxe5 fxe5 6. 0-0 Nf6 7. d4 e4 8. Ne5 Nxe5 9. dxe5 Bc5+ 10. e3 Ng4 11. Re1 Qg5 12. Qxd5 Bxe3+ 13. Bxe3 Nxe3 14. Qxe4 Nxg2 15. Kxg2 Bf5 16. Qxb7 0-0 17. Nc3 Qd2+ 18. Re2 Qh6 19. Qd5+ Be6 20. Qe4 Qh3+ 21. Kg1 Bg4 22. Qg2 Qh6 23. Rf2 Qe3 24. Raf1 Bf3 25. Qh3 Rae8 26. Qh4 Rxe5 27. g4 Bxg4 28. Qg3 Qxg3+ 29. hxg3 Rxf2 30. Rxf2 Re2 31. Rxe2 Bxe2 32. Nxe2 Kf7 33. Kf2 Ke6 34. Ke3 Ke5 35. Nf4 g5 36. Nd3+ Kd5 37. g4 c5 38. b3 a5 39. c4+ Kd6 40. Ke4 Ke6 41. Ne5 h6 42. Nc6 Kd6 43. Nxa5 Ke6 44. Nb7 Kd7 45. Nxc5+ Kd6 46. Nd3 Ke6 47. c5 Kd7 48. b4 Kc6 49. a4 Kb7 50. b5 Kc7 51. a5 Kb7 52. b6 Kc6 53. a6 Kd7 54. a7 h5 55. a8Q hxg4 56. b7 g3 57. b8Q g2 58. Qab7+ Ke6 59. Qe5# 1-0